<?xml version="1.0" encoding="UTF-8"?>
<marc:record xmlns:marc="http://www.loc.gov/MARC21/slim">
   <marc:leader>00000nam a2200000 a 4500</marc:leader>
   <marc:datafield ind1="1" ind2=" " tag="100">
      <marc:subfield code="a">Stern, Anne</marc:subfield>
      <marc:subfield code="4">aut</marc:subfield>
      <marc:subfield code="e">Verfasser/-in</marc:subfield>
   </marc:datafield>
   <marc:datafield ind1="0" ind2="0" tag="245">
      <marc:subfield code="a">Fräulein Gold</marc:subfield>
   </marc:datafield>
   <marc:datafield ind1="0" ind2="0" tag="245">
      <marc:subfield code="b">Die Stunde der Frauen</marc:subfield>
   </marc:datafield>
   <marc:datafield ind1=" " ind2="1" tag="264">
      <marc:subfield code="b">Rowohlt Polaris Verlag</marc:subfield>
      <marc:subfield code="c">2021</marc:subfield>
   </marc:datafield>
   <marc:datafield ind1="1" ind2=" " tag="490">
      <marc:subfield code="a">Die Hebamme von Berlin</marc:subfield>
   </marc:datafield>
   <marc:datafield ind1="1" ind2=" " tag="520">
      <marc:subfield code="a">Band 4 der Bestsellerreihe, in dem die Berliner Hebamme Hulda Gold die wichtigste Entscheidung ihres Lebens treffen muss.  Berlin, 1925: Hulda Gold ist in der Frauenklinik in Berlin-Mitte zur leitenden Hebamme aufgestiegen. Gegen die Übermacht der männlichen Ärzte kämpft sie für das Wohlergehen der Schwangeren. Nur zu dem jungen Arzt Johann Wenckow hat sie großes Vertrauen. Zwischen ihnen entsteht ein zartes Band - obwohl er aus der wohlhabenden Villengegend Frohnau stammt und seine Eltern nicht gerade begeistert sind von der Verbindung ihres vielversprechenden Sohns mit der unabhängigen, starrsinnigen Hebamme. Hulda selbst fühlt sich zwischen den Welten hin- und hergerissen. Zum einen ist da das quirlige Viertel in Schöneberg, wo sie immer noch «Fräulein Hulda» ist, zum anderen die reiche Villenkolonie an der Havel mit all ihren Erwartungen und ihrer strengen Etikette. Aber wo Glanz ist, ist auch Schatten. Und schon bald merkt Hulda, dass ein Leben wenig zählt, wenn es darum geht, die Traditionen aufrechtzuerhalten.</marc:subfield>
   </marc:datafield>
   <marc:datafield ind1=" " ind2=" " tag="020">
      <marc:subfield code="a">9783499006524</marc:subfield>
      <marc:subfield code="9">9783499006524</marc:subfield>
   </marc:datafield>
</marc:record>
